[Event "Oberliga Nord N 1617"]
[Site "Germany"]
[Date "2016.12.04"]
[Round "3.5"]
[White "Wolf, Christoph"]
[Black "Menzel, Ralf"]
[Result "1-0"]
[WhiteElo "2173"]
[BlackElo "2208"]
[PlyCount "85"]
[EventDate "2016.10.16"]
[EventType "team-tourn"]
[EventRounds "9"]
[EventCountry "GER"]
[SourceTitle "EXT 2018"]
[Source "ChessBase"]
[SourceDate "2017.10.13"]
[SourceVersion "1"]
[SourceVersionDate "2017.10.13"]
[SourceQuality "1"]
[WhiteTeam "Schwerin"]
[BlackTeam "Neumuenster Agon"]
[WhiteTeamCountry "GER"]
[BlackTeamCountry "GER"]

1. e4 g6 2. Nc3 Bg7 3. d4 d6 4. Be2 a6 5. a4 Nd7 6. Be3 c5 7. Nf3 Ngf6 8. d5 Qc7 9. 0-0 0-0 10. Nd2 e5 11. dxe6 fxe6 12. Nc4 Ne8 13. Qd2 b6 14. Rfd1 Bb7 15. Bg4 Ne5 16. Bxe6+ Kh8 17. Nxe5 Bxe5 18. Nd5 Bxd5 19. Bxd5 Rd8 20. c3 Nf6 21. Qe2 Nxd5 22. Rxd5 Qb7 23. Qg4 Qd7 24. Qxd7 Rxd7 25. Rad1 Rb7 26. Bh6 Re8 27. f4 Bg7 28. Bxg7+ Kxg7 29. e5 dxe5 30. fxe5 Rf7 31. Rf1 Rxf1+ 32. Kxf1 Kf7 33. Ke2 Ke6 34. Rd6+ Kxe5 35. Rxb6 c4 36. Rxa6 Kf4+ 37. Kd2 Rd8+ 38. Kc2 Ke3 39. Re6+ Kf2 40. Re4 Kxg2 41. Rxc4 g5 42. Rg4+ Kxh2 43. Rxg5 1-0

[Event "Oberliga Nord N 1415"]
[Site "Germany"]
[Date "2014.10.19"]
[Round "2.2"]
[White "Kunze, Kerstin"]
[Black "Menzel, Ralf"]
[Result "1/2-1/2"]
[WhiteElo "2100"]
[BlackElo "2229"]
[PlyCount "48"]
[EventDate "2014.09.21"]
[EventType "team-tourn"]
[EventRounds "9"]
[EventCountry "GER"]
[SourceTitle "EXT 2016"]
[Source "ChessBase"]
[SourceDate "2015.10.08"]
[SourceVersion "1"]
[SourceVersionDate "2015.10.08"]
[SourceQuality "1"]
[WhiteTeam "Schwerin II"]
[BlackTeam "Neumuenster Agon"]
[WhiteTeamCountry "GER"]
[BlackTeamCountry "GER"]

1. e4 e6 2. d3 d5 3. Qe2 dxe4 4. dxe4 e5 5. Qd3 Bd6 6. Nc3 Nf6 7. Bg5 h6 8. Bh4 Nc6 9. a3 Be6 10. 0-0-0 a6 11. Nd5 g5 12. Bg3 Nh5 13. Be2 Nf4 14. Bxf4 gxf4 15. Nf3 b5 16. Nxf4 exf4 17. Qc3 0-0 18. Qxc6 Qe7 19. Nd4 Bd7 20. Qd5 Rad8 21. Nc6 Bxc6 22. Qxc6 Bxa3 23. bxa3 Qxa3+ 24. Kb1 Qb4+ 1/2-1/2

[Event "Oberliga Nord N 1415"]
[Site "Germany"]
[Date "2014.09.21"]
[Round "1.2"]
[White "Menzel, Ralf"]
[Black "Hansen, Mads"]
[Result "0-1"]
[WhiteElo "2229"]
[BlackElo "2312"]
[PlyCount "90"]
[EventDate "2014.09.21"]
[EventType "team-tourn"]
[EventRounds "9"]
[EventCountry "GER"]
[SourceTitle "EXT 2016"]
[Source "ChessBase"]
[SourceDate "2015.10.08"]
[SourceVersion "1"]
[SourceVersionDate "2015.10.08"]
[SourceQuality "1"]
[WhiteTeam "Neumuenster Agon"]
[BlackTeam "Preetz"]
[WhiteTeamCountry "GER"]
[BlackTeamCountry "GER"]

1. e4 c5 2. Nf3 Nc6 3. Bb5 e6 4. 0-0 Nge7 5. Re1 Nd4 6. Nxd4 cxd4 7. e5 Ng6 8. Qg4 Qb6 9. a4 Bc5 10. Na3 0-0 11. b4 Bxb4 12. c3 Be7 13. a5 Qxa5 14. Qxd4 f6 15. exf6 Rxf6 16. Qa4 Qxa4 17. Bxa4 Nf4 18. Bc2 b6 19. Nc4 Bb7 20. f3 Bd5 21. Ne5 d6 22. Ng4 Rf7 23. Ne3 Bc6 24. d4 Bh4 25. g3 Bxf3 26. Nf5 Nh3+ 27. Kf1 exf5 28. gxh4 Bd5 29. c4 Rc8 30. Bb3 Be4 31. Ra3 Rf6 32. Rxa7 Rg6 33. c5+ Kh8 34. Rxe4 fxe4 35. Be3 dxc5 36. dxc5 bxc5 37. Re7 Rf6+ 38. Kg2 Nf4+ 39. Kg3 Ne2+ 40. Kg4 Nd4 41. Bd5 Nf5 42. Rxe4 Nxe3+ 43. Rxe3 g6 44. h5 gxh5+ 45. Kg5 Rcf8 0-1

[Event "Schleswig Holstein-ch"]
[Site "Neumuenster"]
[Date "2013.03.23"]
[Round "1"]
[White "Menzel, Ralf"]
[Black "Krueger, Wolfgang"]
[Result "1/2-1/2"]
[WhiteElo "2251"]
[BlackElo "2164"]
[PlyCount "35"]
[EventDate "2013.03.23"]
[EventType "swiss"]
[EventRounds "5"]
[EventCountry "GER"]
[SourceTitle "CBM 153 Extra"]
[Source "ChessBase"]
[SourceDate "2013.04.22"]
[SourceVersion "1"]
[SourceVersionDate "2013.04.22"]
[SourceQuality "1"]

1. e4 c5 2. Nf3 Nc6 3. Bb5 g6 4. Bxc6 dxc6 5. h3 Bg7 6. d3 e5 7. Be3 b6 8. Nc3 f6 9. Qd2 Be6 10. a3 Qd7 11. b4 c4 12. d4 exd4 13. Nxd4 Ne7 14. 0-0 0-0 15. Rad1 Qc8 16. f4 Rd8 17. Qf2 Bf7 18. Qh4 1/2-1/2

[Event "Oberliga Nord N 1213"]
[Site "Germany"]
[Date "2013.02.24"]
[Round "7.1"]
[White "Nedic, Dusan"]
[Black "Menzel, Ralf"]
[Result "1/2-1/2"]
[WhiteElo "2291"]
[BlackElo "2251"]
[PlyCount "111"]
[EventDate "2012.10.14"]
[EventType "team-tourn"]
[EventRounds "9"]
[EventCountry "GER"]
[SourceTitle "EXT 2015"]
[Source "ChessBase"]
[SourceDate "2014.11.20"]
[SourceVersion "1"]
[SourceVersionDate "2014.11.20"]
[SourceQuality "1"]
[WhiteTeam "Hamburg Schachfreunde"]
[BlackTeam "Neumuenster Agon"]
[WhiteTeamCountry "GER"]
[BlackTeamCountry "GER"]

1. Nf3 d5 2. c4 d4 3. e3 c5 4. exd4 cxd4 5. d3 Nc6 6. g3 e5 7. a3 a5 8. Bg2 Bd6 9. 0-0 Nge7 10. Nbd2 Bf5 11. Qe2 Qd7 12. Ne4 Bxe4 13. Qxe4 0-0 14. Rb1 Rae8 15. b4 f5 16. Qe2 axb4 17. axb4 e4 18. dxe4 Bxb4 19. exf5 Qxf5 20. Qa2 Kh8 21. Nxd4 Nxd4 22. Rxb4 Nec6 23. Rxb7 Nf3+ 24. Bxf3 Qxf3 25. Qb3 Qe4 26. Qb1 Qxc4 27. Bh6 Re7 28. Rxe7 Nxe7 29. Rc1 Qd4 30. Be3 Qf6 31. Bc5 h5 32. Qe4 Rc8 33. Rc2 Qf5 34. Qxf5 Nxf5 35. Rc3 Kh7 36. Kg2 Kg6 37. h3 Rc6 38. f4 Kf7 39. Kf3 g6 40. g4 hxg4+ 41. hxg4 Ng7 42. Ke4 Ne6 43. Kd5 Rc8 44. Rc4 Rc7 45. Kd6 Rc8 46. g5 Rd8+ 47. Ke5 Rc8 48. Kd5 Rc7 49. Kd6 Rc8 50. Kd5 Rc7 51. Kd6 Rc8 52. Rc1 Rd8+ 53. Ke5 Rc8 54. Kd6 Rd8+ 55. Ke5 Rc8 56. Kd6 1/2-1/2

[Event "Schleswig Holstein-ch M class"]
[Site "Schleswig Holstein"]
[Date "2012.03.31"]
[Round "1"]
[White "Budzyn, Matthias"]
[Black "Menzel, Ralf"]
[Result "0-1"]
[WhiteElo "2158"]
[BlackElo "2254"]
[PlyCount "58"]
[EventDate "2012.03.31"]
[EventType "swiss"]
[EventRounds "9"]
[EventCountry "GER"]
[SourceTitle "EXT 2022"]
[Source "ChessBase"]
[SourceDate "2021.10.06"]
[SourceVersion "1"]
[SourceVersionDate "2021.10.06"]
[SourceQuality "1"]

1. e4 c5 2. c3 d5 3. exd5 Qxd5 4. d4 Nf6 5. Nf3 Bg4 6. dxc5 Qxc5 7. Na3 a6 8. Be3 Qc7 9. Qa4+ Nbd7 10. 0-0-0 Bxf3 11. gxf3 e6 12. Bb5 Rd8 13. Bf4 Qc8 14. Bxd7+ Rxd7 15. Bd6 b5 16. Qf4 Nd5 17. Rxd5 exd5 18. Re1+ Kd8 19. Qh4+ f6 20. Bxf8 Rxf8 21. Nc2 Re8 22. Rxe8+ Kxe8 23. Qxh7 Kf7 24. Nd4 b4 25. Nf5 bxc3 26. Nh6+ Ke6 27. Qf5+ Ke7 28. Qh7 cxb2+ 29. Kd2 Qc1+ 0-1

[Event "Oberliga Nord N 0910"]
[Site "Germany"]
[Date "2009.11.29"]
[Round "3.1"]
[White "Pajeken, Wolfgang"]
[Black "Menzel, Ralf"]
[Result "0-1"]
[WhiteElo "2336"]
[BlackElo "2255"]
[PlyCount "70"]
[EventDate "2009.10.18"]
[EventType "team-tourn"]
[EventRounds "9"]
[EventCountry "GER"]
[SourceTitle "EXT 2011"]
[Source "ChessBase"]
[SourceDate "2010.11.26"]
[SourceVersion "1"]
[SourceVersionDate "2010.11.26"]
[SourceQuality "1"]
[WhiteTeam "Hamburger SK"]
[BlackTeam "Neumuenster"]
[WhiteTeamCountry "GER"]
[BlackTeamCountry "GER"]

1. Nf3 b6 2. e4 Bb7 3. Nc3 e6 4. d4 Bb4 5. Bd3 Nf6 6. Qe2 d5 7. exd5 Bxc3+ 8. bxc3 Qxd5 9. 0-0 0-0 10. Bg5 Nbd7 11. c4 Qd6 12. Rfd1 c5 13. c3 h6 14. Bh4 Nh5 15. Bc2 Qf4 16. d5 e5 17. Re1 Ba6 18. Bd3 Rae8 19. g3 Qg4 20. h3 Qxh3 21. Ng5 hxg5 22. Qxh5 Nf6 23. Qxg5 Ng4 24. Qf5 g6 25. Qf3 e4 26. Rxe4 Rxe4 27. Bxe4 Qh2+ 28. Kf1 Bxc4+ 29. Ke1 Qg1+ 30. Kd2 Qxa1 31. Qxg4 Qxa2+ 32. Ke3 Re8 33. d6 Qc2 34. d7 Qd3+ 35. Kf4 Rxe4+ 0-1

[Event "Schleswig Holstein-ch M 64th"]
[Site "Altenholz"]
[Date "2009.04.08"]
[Round "6"]
[White "Menzel, Ralf"]
[Black "Feuerstack, Aljoscha"]
[Result "0-1"]
[WhiteElo "2260"]
[BlackElo "2345"]
[PlyCount "74"]
[EventDate "2009.04.04"]
[EventType "swiss"]
[EventRounds "9"]
[EventCountry "GER"]
[SourceTitle "CBM 129 Extra"]
[Source "ChessBase"]
[SourceDate "2009.05.05"]
[SourceVersion "2"]
[SourceVersionDate "2009.05.20"]
[SourceQuality "1"]

1. e4 c5 2. Nf3 e6 3. d4 cxd4 4. Nxd4 a6 5. Nc3 Qc7 6. Qf3 Nf6 7. Bg5 Qe5 8. Bxf6 Qxf6 9. Qxf6 gxf6 10. Na4 Bb4+ 11. c3 Ba5 12. b4 Bc7 13. 0-0-0 b5 14. Nc5 Bb6 15. Ndb3 Ke7 16. g3 Ra7 17. Bg2 Rc7 18. Kb2 d6 19. Nd3 Bb7 20. Rhe1 Rhc8 21. Rc1 Nd7 22. f4 Ba7 23. Na5 Ba8 24. Kb3 Bb6 25. Nb2 f5 26. Nd3 Nf6 27. Nb2 fxe4 28. c4 Bxa5 29. bxa5 bxc4+ 30. Nxc4 Bd5 31. Bf1 Nd7 32. Re3 Nc5+ 33. Kb4 Nd3+ 34. Bxd3 exd3 35. Nb6 Rxc1 36. Nxd5+ Kd8 37. Nb6 d2 0-1

[Event "Schleswig Holstein-ch M 64th"]
[Site "Altenholz"]
[Date "2009.04.06"]
[Round "3"]
[White "Menzel, Ralf"]
[Black "Jahncke, Giso"]
[Result "1-0"]
[WhiteElo "2260"]
[BlackElo "2106"]
[PlyCount "51"]
[EventDate "2009.04.04"]
[EventType "swiss"]
[EventRounds "9"]
[EventCountry "GER"]
[SourceTitle "CBM 129 Extra"]
[Source "ChessBase"]
[SourceDate "2009.05.05"]
[SourceVersion "2"]
[SourceVersionDate "2009.05.20"]
[SourceQuality "1"]

1. e4 c5 2. Nf3 Nc6 3. d4 cxd4 4. Nxd4 Nf6 5. Nc3 e5 6. Ndb5 d6 7. Bg5 a6 8. Na3 b5 9. Nd5 Be7 10. Bxf6 Bxf6 11. c4 b4 12. Nc2 0-0 13. Ncxb4 Nxb4 14. Nxb4 Qb6 15. Nd5 Qxb2 16. Bd3 Bd8 17. 0-0 Be6 18. Qa4 Qd4 19. Qc6 Bxd5 20. cxd5 Bb6 21. Rad1 Bc5 22. Bxa6 Qxe4 23. a4 g6 24. h3 Qf4 25. Rc1 Bxf2+ 26. Rxf2 1-0

[Event "Oberliga Nord N 9495"]
[Site "Germany"]
[Date "1995.??.??"]
[Round "?"]
[White "Voigt, Martin"]
[Black "Menzel, Ralf"]
[Result "1/2-1/2"]
[WhiteElo "2270"]
[BlackElo "2245"]
[PlyCount "83"]
[EventDate "1994.10.??"]
[EventType "team"]
[EventRounds "9"]
[EventCountry "GER"]
[SourceTitle "EXT 1999"]
[Source "ChessBase"]
[SourceDate "1998.11.16"]
[SourceVersion "1"]
[SourceVersionDate "1998.11.16"]
[SourceQuality "1"]

1. e4 c5 2. Nc3 Nc6 3. Nge2 e6 4. d4 cxd4 5. Nxd4 Nf6 6. Ndb5 d6 7. Bf4 e5 8. Bg5 a6 9. Na3 b5 10. Nd5 Be7 11. Bxf6 Bxf6 12. c3 Ne7 13. Nxf6+ gxf6 14. Nc2 Bb7 15. Bd3 Qb6 16. Ne3 d5 17. Qf3 0-0-0 18. exd5 Nxd5 19. Nxd5 Bxd5 20. Be4 Qc6 21. Bxd5 Qxd5 22. Qxd5 Rxd5 23. a4 Kb7 24. axb5 axb5 25. Ke2 Rhd8 26. Rhd1 f5 27. Rxd5 Rxd5 28. Rd1 Kc6 29. Rxd5 Kxd5 30. b3 Ke4 31. Kd2 f4 32. h4 f5 33. h5 Kd5 34. h6 e4 35. Ke2 Ke5 36. Kf1 e3 37. Ke1 Ke4 38. Ke2 exf2 39. Kxf2 Kd3 40. c4 bxc4 41. bxc4 Kxc4 42. Kf3 1/2-1/2

[Event "Oberliga Nord N 9394"]
[Site "Germany"]
[Date "1994.??.??"]
[Round "?"]
[White "Menzel, Ralf"]
[Black "Jaeckle, Marco"]
[Result "1/2-1/2"]
[WhiteElo "2245"]
[BlackElo "2320"]
[PlyCount "59"]
[EventDate "1993.10.??"]
[EventType "team"]
[EventRounds "9"]
[EventCountry "GER"]
[SourceTitle "EXT 1999"]
[Source "ChessBase"]
[SourceDate "1998.11.16"]
[SourceVersion "1"]
[SourceVersionDate "1998.11.16"]
[SourceQuality "1"]

1. e4 Nf6 2. e5 Nd5 3. d4 d6 4. Nf3 g6 5. Bc4 Nb6 6. Bb3 Bg7 7. a4 dxe5 8. a5 Nd5 9. Nxe5 0-0 10. 0-0 Be6 11. Re1 Nd7 12. a6 Nxe5 13. axb7 Rb8 14. dxe5 Rxb7 15. Qf3 c6 16. Nd2 Qc7 17. Nc4 Nb4 18. Qe2 Rd8 19. f4 Nd3 20. Rd1 Bxc4 21. Bxc4 Nxc1 22. Raxc1 Qb6+ 23. Qf2 Rxd1+ 24. Rxd1 Qxb2 25. f5 Qb6 26. Qxb6 axb6 27. e6 Rb8 28. exf7+ Kf8 29. fxg6 hxg6 30. Kf2 1/2-1/2

[Event "Oberliga Nord N 9495"]
[Site "Germany"]
[Date "1994.??.??"]
[Round "?"]
[White "Menzel, Ralf"]
[Black "Kleeschaetzky, Rainer"]
[Result "1/2-1/2"]
[WhiteElo "2245"]
[BlackElo "2285"]
[PlyCount "116"]
[EventDate "1994.10.??"]
[EventType "team"]
[EventRounds "9"]
[EventCountry "GER"]
[SourceTitle "EXT 1999"]
[Source "ChessBase"]
[SourceDate "1998.11.16"]
[SourceVersion "1"]
[SourceVersionDate "1998.11.16"]
[SourceQuality "1"]

1. e4 e6 2. d4 d5 3. e5 c5 4. c3 Nc6 5. Nf3 Bd7 6. a3 Rc8 7. Bd3 Nh6 8. 0-0 cxd4 9. cxd4 Nf5 10. Be3 Nxe3 11. fxe3 g6 12. Nc3 Bh6 13. Qe2 0-0 14. Rae1 a6 15. e4 Ne7 16. Qf2 Bc6 17. Qh4 Bg7 18. Kh1 dxe4 19. Nxe4 Bxe4 20. Bxe4 Nd5 21. Qf2 Rc7 22. Rc1 Bh6 23. Rxc7 Qxc7 24. Re1 Qd7 25. h4 Bg7 26. Qd2 Rd8 27. Rc1 Rc8 28. Rxc8+ Qxc8 29. Qc2 Qd7 30. h5 Nf4 31. hxg6 hxg6 32. Qd2 Nd5 33. Qc1 Ne7 34. Kg1 Bf8 35. Kf2 Nd5 36. Qc4 b5 37. Qc1 a5 38. Qd2 b4 39. axb4 axb4 40. Qc2 Ne7 41. Qc4 Nd5 42. Ne1 Qd8 43. Nf3 Be7 44. Qc6 Kg7 45. Qc4 Bh4+ 46. g3 Be7 47. Qc6 Nb6 48. Ke3 g5 49. g4 Nd5+ 50. Bxd5 exd5 51. Qb7 Kf8 52. b3 Kg8 53. Ne1 Bf8 54. Nd3 Qe8 55. Qxd5 Qc8 56. e6 fxe6 57. Qxg5+ Bg7 58. Qc5 Qb8 1/2-1/2

[Event "Oberliga Nord N 9293"]
[Site "Germany"]
[Date "1993.??.??"]
[Round "?"]
[White "Menzel, Ralf"]
[Black "Schurade, Matthias"]
[Result "0-1"]
[WhiteElo "2210"]
[BlackElo "2370"]
[PlyCount "82"]
[EventDate "1992.10.??"]
[EventType "team"]
[EventRounds "9"]
[EventCountry "GER"]
[SourceTitle "EXT 1997"]
[Source "ChessBase"]
[SourceDate "1996.11.15"]
[SourceVersion "1"]
[SourceVersionDate "1996.11.15"]
[SourceQuality "1"]

1. e4 c5 2. Nf3 d6 3. d4 cxd4 4. Qxd4 Bd7 5. Bg5 Nc6 6. Qd2 h6 7. Bh4 g5 8. Bg3 Bg7 9. c3 Nf6 10. Bd3 e5 11. Na3 Be6 12. 0-0 0-0 13. Rfe1 Re8 14. c4 Nh5 15. Rad1 Nf4 16. Bb1 Bg4 17. Qxd6 Qb6 18. Nb5 a6 19. Qc7 Qc5 20. Bxf4 exf4 21. Nd6 Re7 22. Nxb7 Rxc7 23. Nxc5 Bxf3 24. gxf3 Ne5 25. Rd5 Nxf3+ 26. Kf1 Nxe1 27. Kxe1 Bxb2 28. Bd3 a5 29. Ke2 a4 30. Nd7 Rd8 31. Nb6 Rxd5 32. exd5 Bd4 33. d6 Rc6 34. Nxa4 Rxd6 35. c5 Re6+ 36. Kf3 Kf8 37. Bb5 Ke7 38. c6 Kd6 39. h4 gxh4 40. Kxf4 Rg6 41. Kf3 h3 0-1

[Event "Berliner Sommer 10th"]
[Site "Berlin"]
[Date "1992.??.??"]
[Round "?"]
[White "Klovans, Janis"]
[Black "Menzel, Ralf"]
[Result "1-0"]
[WhiteElo "2470"]
[BlackElo "2210"]
[PlyCount "67"]
[EventDate "1992.08.??"]
[EventType "swiss"]
[EventRounds "9"]
[EventCountry "GER"]
[SourceTitle "EXT 1998"]
[Source "ChessBase"]
[SourceDate "1997.11.17"]
[SourceVersion "1"]
[SourceVersionDate "1997.11.17"]
[SourceQuality "1"]

1. e4 c5 2. Nf3 e6 3. d4 cxd4 4. Nxd4 Nf6 5. Nc3 Nc6 6. Ndb5 d6 7. Bf4 e5 8. Bg5 a6 9. Na3 b5 10. Bxf6 gxf6 11. Nd5 Bg7 12. Bd3 Ne7 13. Nxe7 Qxe7 14. c3 f5 15. Nc2 Bb7 16. exf5 Qh4 17. Ne3 Rg8 18. g3 Qg5 19. 0-0 Bh6 20. Re1 Qh4 21. Bf1 Bxe3 22. Rxe3 0-0-0 23. Bg2 Bxg2 24. Kxg2 Qc4 25. Qf3 Kc7 26. a4 Kb6 27. axb5 axb5 28. b3 Qc7 29. Rd3 f6 30. Rd5 Rb8 31. c4 bxc4 32. bxc4 Qxc4 33. Rxd6+ Kc7 34. Rxf6 1-0

[Event "St Petersburg op"]
[Site "St Petersburg"]
[Date "1992.??.??"]
[Round "?"]
[White "Menzel, Ralf"]
[Black "Jung, Karl Otto"]
[Result "1-0"]
[WhiteElo "2210"]
[BlackElo "2205"]
[PlyCount "133"]
[EventDate "1992.??.??"]
[EventType "swiss"]
[EventRounds "9"]
[EventCountry "RUS"]
[SourceTitle "EXT 1997"]
[Source "ChessBase"]
[SourceDate "1996.11.15"]
[SourceVersion "1"]
[SourceVersionDate "1996.11.15"]
[SourceQuality "1"]

1. c4 Nf6 2. Nc3 g6 3. e4 Bg7 4. d4 0-0 5. Nf3 c5 6. d5 d6 7. Be2 b5 8. cxb5 a6 9. 0-0 axb5 10. Bxb5 Ba6 11. Bxa6 Nxa6 12. Rb1 Qa5 13. a3 Rfb8 14. Qc2 Nc7 15. Nd2 Nb5 16. Nc4 Qa6 17. Nxb5 Rxb5 18. Bd2 Nd7 19. Bc3 Bxc3 20. Qxc3 Rab8 21. b4 Rc8 22. Qh3 Rc7 23. Na5 cxb4 24. axb4 Ne5 25. f4 Qb6+ 26. Kh1 Nc4 27. Nxc4 Rxc4 28. f5 Rbxb4 29. Rxb4 Rxb4 30. fxg6 hxg6 31. Qf3 f6 32. Qg4 Kg7 33. Qe6 Qb7 34. h3 Rc4 35. Kh2 Kf8 36. Qg4 g5 37. Qxg5 Qb2 38. Qf5 Rc2 39. Qg4 Qe5+ 40. Rf4 Rf2 41. Kg3 Rc2 42. Qf5 Qc3+ 43. Kh2 Rc1 44. Rf3 Qa1 45. Rb3 Qa7 46. Kg3 Qc7 47. Kh4 Qc8 48. Qxc8+ Rxc8 49. Kg4 Kf7 50. Kf5 Rc2 51. g3 Rf2+ 52. Kg4 Kg6 53. Rf3 Rh2 54. h4 Rh1 55. Rf5 Re1 56. Rf4 Re3 57. h5+ Kf7 58. Kf5 Rxg3 59. Rh4 Rg5+ 60. Kf4 Kg7 61. Rg4 Rxg4+ 62. Kxg4 Kh6 63. Kf5 Kxh5 64. Ke6 Kg4 65. Kxe7 Kf4 66. Kxf6 Kxe4 67. Ke6 1-0

[Event "St Petersburg op"]
[Site "St Petersburg"]
[Date "1992.??.??"]
[Round "?"]
[White "Polovodin, Igor A"]
[Black "Menzel, Ralf"]
[Result "1-0"]
[WhiteElo "2460"]
[BlackElo "2210"]
[PlyCount "93"]
[EventDate "1992.??.??"]
[EventType "swiss"]
[EventRounds "9"]
[EventCountry "RUS"]
[SourceTitle "EXT 1997"]
[Source "ChessBase"]
[SourceDate "1996.11.15"]
[SourceVersion "1"]
[SourceVersionDate "1996.11.15"]
[SourceQuality "1"]

1. c4 Nf6 2. Nc3 d5 3. cxd5 Nxd5 4. Nf3 g6 5. e4 Nxc3 6. dxc3 Qxd1+ 7. Kxd1 Bg7 8. Bf4 c6 9. Kc2 Nd7 10. a4 Nc5 11. Nd2 f5 12. f3 fxe4 13. fxe4 Be6 14. Be3 Nd7 15. a5 Rf8 16. Be2 Ne5 17. Bd4 Bf6 18. h3 Nd7 19. Be3 Bg7 20. Rhf1 Rxf1 21. Rxf1 b5 22. Nb3 Bxb3+ 23. Kxb3 a6 24. Bg4 Be5 25. Be6 Nf6 26. Bb6 Bd6 27. Re1 Be5 28. Kc2 Nd7 29. Be3 Rd8 30. g4 Nf8 31. Bg8 e6 32. Rf1 Rd7 33. Bc5 Bd6 34. Bd4 c5 35. Bf6 Bc7 36. g5 c4 37. e5 Bd8 38. Bxd8 Rxd8 39. Rf6 Rd5 40. Bxe6 Rxe5 41. Bc8 Rxg5 42. Rxa6 Rg2+ 43. Kb1 Nd7 44. Ra8 Rg1+ 45. Ka2 Ke7 46. Ra7 Rd1 47. a6 1-0

[Event "Regionalliga NordN 9091"]
[Site "Germany"]
[Date "1991.05.05"]
[Round "9.2"]
[White "Menzel, Ralf"]
[Black "Dreyer, Michael"]
[Result "1/2-1/2"]
[WhiteElo "2205"]
[BlackElo "2215"]
[PlyCount "49"]
[EventDate "1990.10.07"]
[EventType "team-tourn"]
[EventRounds "9"]
[EventCountry "GER"]
[SourceTitle "EXT 1997"]
[Source "ChessBase"]
[SourceDate "1996.11.15"]
[SourceVersion "1"]
[SourceVersionDate "1996.11.15"]
[SourceQuality "1"]
[WhiteTeam "Kiel"]
[BlackTeam "Luebeck II"]
[WhiteTeamCountry "GER"]
[BlackTeamCountry "GER"]

1. e4 e5 2. Nf3 d6 3. d4 Nf6 4. Nc3 Nbd7 5. Bc4 Be7 6. 0-0 0-0 7. Qe2 c6 8. a4 a5 9. Rd1 Qe8 10. b3 exd4 11. Nxd4 Ne5 12. f3 d5 13. exd5 Bb4 14. Bb2 Bxc3 15. Bxc3 Nxc4 16. bxc4 cxd5 17. Qxe8 Rxe8 18. Nb5 Re2 19. Nc7 Rb8 20. Bxf6 gxf6 21. cxd5 Rxc2 22. Ne8 Bh3 23. Nxf6+ Kg7 24. Nh5+ Kh6 25. gxh3 1/2-1/2

[Event "Regionalliga NordN 9091"]
[Site "Germany"]
[Date "1991.03.17"]
[Round "7.2"]
[White "Menzel, Ralf"]
[Black "Schmidt, Wolfgang"]
[Result "1-0"]
[WhiteElo "2205"]
[BlackElo "2225"]
[PlyCount "71"]
[EventDate "1990.10.07"]
[EventType "team-tourn"]
[EventRounds "9"]
[EventCountry "GER"]
[SourceTitle "EXT 1997"]
[Source "ChessBase"]
[SourceDate "1996.11.15"]
[SourceVersion "1"]
[SourceVersionDate "1996.11.15"]
[SourceQuality "1"]
[WhiteTeam "Kiel"]
[BlackTeam "Hamburg FH"]
[WhiteTeamCountry "GER"]
[BlackTeamCountry "GER"]

1. e4 g6 2. d4 c6 3. c4 Bg7 4. Nc3 d6 5. f4 Na6 6. Be3 Nf6 7. Nf3 Bg4 8. h3 Bxf3 9. Qxf3 e6 10. 0-0-0 d5 11. cxd5 cxd5 12. Bb5+ Kf8 13. e5 Ng8 14. f5 gxf5 15. g4 Ne7 16. Bg5 h5 17. gxf5 exf5 18. Nxd5 Bh6 19. Bxh6+ Rxh6 20. Nxe7 Qxe7 21. Qxf5 Nc7 22. Ba4 Rd8 23. Kb1 Nd5 24. Rc1 Qe6 25. Rhf1 Qxf5+ 26. Rxf5 Ke7 27. Bb3 Rh7 28. Rc5 Nb6 29. d5 Rc8 30. d6+ Ke8 31. Rxc8+ Nxc8 32. Ba4+ Kd8 33. Rg5 Rh8 34. Rg7 Nb6 35. Bb3 Nd7 36. Rxf7 1-0